Escenarios y actores en el medio rural (Registro nro. 165059)
[ vista simple ]
| 000 -LEADER | |
|---|---|
| fixed length control field | 02103nam a22002777a 4500 |
| 007 - PHYSICAL DESCRIPTION FIXED FIELD--GENERAL INFORMATION | |
| fixed length control field | cr|||| |||| |
| 008 - FIXED-LENGTH DATA ELEMENTS--GENERAL INFORMATION | |
| fixed length control field | 170709s2016 mx |||||s||||f00||0 spa d |
| 035 ## - | |
| -- | 20416 |
| 040 ## - CATALOGING SOURCE | |
| Original cataloging agency | vLex |
| 090 ## - | |
| -- | 6812 |
| -- | 6812 |
| 245 00 - TITLE STATEMENT | |
| Title | Escenarios y actores en el medio rural |
| Medium | [Recurso electrónico] / |
| 256 ## - | |
| -- | Servicio en línea |
| 260 ## - PUBLICATION, DISTRIBUTION, ETC. (IMPRINT) | |
| Place of publication, distribution, etc | Ciudad de México: |
| Name of publisher, distributor, etc | Cámara de Diputados, |
| Date of publication, distribution, etc | 2016 |
| 300 ## - PHYSICAL DESCRIPTION | |
| Extent | 1 recurso electrónico |
| 500 ## - GENERAL NOTE | |
| General note | El CEDRSSA cumpliendo con el propósito de sumar esfuerzos logró congregar a consultores con gran experiencia profesional y a investigadores de la Universidad Autónoma Chapingo para realizar cinco estudios que tienen que ver con la problemática del campo y/o mandatos de la Ley de Desarrollo Rural Sustentable y un seguimiento a la demanda de los actores rurales. Dichos textos se presentan compilados en el presente libro bajo el título Escenarios y actores en el medio rural, el cual forma parte de la colección Estudios e Investigaciones. Los lectores encontrarán en estas páginas diagnósticos críticos y fundamentados acerca de los cambios económicos, culturales y ambientales, principalmente, que se han producido en el campo mexicano en las últimas décadas, lo que ha obligado a crear conceptos y a examinar con mayor detenimiento la nueva condición de los pobladores rurales y sus perspectivas de mejoramiento. |
| 506 1# - RESTRICTIONS ON ACCESS NOTE | |
| Terms governing access | Disponible solo en los productos indicados |
| Authorized users | vLex Global |
| -- | vLex Global (Academic Edition, excluding Law Schools) |
| -- | vLex Global (U.S. Academic Edition, Law Schools) |
| -- | vLex Global (U.S. Academic Edition, excluding Law Schools) |
| -- | vLex Global (Academic Edition, Law Schools) |
| 650 04 - SUBJECT ADDED ENTRY--TOPICAL TERM | |
| Topical term or geographic name as entry element | Derecho Civil |
| Geographic subdivision | México |
| 650 04 - SUBJECT ADDED ENTRY--TOPICAL TERM | |
| Topical term or geographic name as entry element | Derecho Laboral y Seguridad Social |
| Geographic subdivision | México |
| 650 04 - SUBJECT ADDED ENTRY--TOPICAL TERM | |
| Topical term or geographic name as entry element | Derecho Público y Administrativo |
| Geographic subdivision | México |
| 650 04 - SUBJECT ADDED ENTRY--TOPICAL TERM | |
| Topical term or geographic name as entry element | Derecho del Medio Ambiente |
| Geographic subdivision | México |
| 650 04 - SUBJECT ADDED ENTRY--TOPICAL TERM | |
| Topical term or geographic name as entry element | Derecho Constitucional |
| Geographic subdivision | México |
| 740 0# - | |
| -- | vLex Libros (Servicio en línea) |
| 856 40 - LOCALIZACIÓN Y ACCESO ELECTRÓNICO | |
| Identificador Uniforme del Recurso (URI/URL) | https://app.vlex.com/#/sources/escenarios-y-actores-en-el-medio-rural-20416 |
| 942 ## - | |
| -- | RAA |
| 999 ## - | |
| -- | 165059 |
| -- | 165059 |
No hay ítems disponibles.